000
002990000a22000970004500
100
1
_a
Carter, Warren (1955- )
245
1
0
_a
Paying the tax to rome as subversive praxis : Matthew 17.24-27
300
_a
Núm 76 (1999), Páginas 3-31
773
0
_t
Journal for the Study of the New Testament
942
_c
ANA
999
_c
55972
_d
55972